Clash points (Record no. 64116)
[ view plain ]
| 000 -LEADER | |
|---|---|
| fixed length control field | 00953cam a2200241 4500 |
| 001 - CONTROL NUMBER | |
| control field | ABS62661 |
| 008 - FIXED-LENGTH DATA ELEMENTS--GENERAL INFORMATION | |
| fixed length control field | 000000n2000 000 0 eng u |
| 035 ## - SYSTEM CONTROL NUMBER | |
| System control number | (Sirsi) u107240 |
| 100 ## - MAIN ENTRY--PERSONAL NAME | |
| Personal name | Klein, R. |
| 245 ## - TITLE STATEMENT | |
| Title | Clash points |
| 260 ## - PUBLICATION, DISTRIBUTION, ETC. | |
| Date of publication, distribution, etc. | 2000 |
| 490 ## - SERIES STATEMENT | |
| Series statement | Building |
| Volume/sequential designation | 265(8141) 16 June 2000, 68(1) |
| 520 ## - SUMMARY, ETC. | |
| Summary, etc. | Two articles supporting contradictory views concerning the involvement of specialist contractors at the outset of a project. One questions why clients are reluctant to engage specialists early on, whilst the second article states that clients have been involving specialists for over a decade, and that it is only inexperienced clients who are unaware of the benefits of expert advice. |
| 590 ## - LOCAL NOTE (RLIN) | |
| Local note | ABS |
| 650 ## - SUBJECT ADDED ENTRY--TOPICAL TERM | |
| Topical term or geographic name entry element | SPECIALIST CONTRACTORS |
| 650 ## - SUBJECT ADDED ENTRY--TOPICAL TERM | |
| Topical term or geographic name entry element | DESIGN PROCESS |
| 650 ## - SUBJECT ADDED ENTRY--TOPICAL TERM | |
| Topical term or geographic name entry element | CLIENTS |
| 650 ## - SUBJECT ADDED ENTRY--TOPICAL TERM | |
| Topical term or geographic name entry element | PROJECTS |
| 650 ## - SUBJECT ADDED ENTRY--TOPICAL TERM | |
| Topical term or geographic name entry element | Procurement-old |
| 690 ## - LOCAL SUBJECT ADDED ENTRY--TOPICAL TERM (OCLC, RLIN) | |
| Topical term or geographic name as entry element | Project management |
| 9 (RLIN) | 6261 |
| 700 ## - ADDED ENTRY--PERSONAL NAME | |
| Personal name | Minogue, A. |
| 942 ## - ADDED ENTRY ELEMENTS (KOHA) | |
| Suppress in OPAC | 0 |
| Withdrawn status | Lost status | Source of classification or shelving scheme | Damaged status | Not for loan | Home library | Current library | Shelving location | Date acquired | Total Checkouts | Full call number | Barcode | Date last seen | Copy number | Price effective from | Koha item type |
|---|---|---|---|---|---|---|---|---|---|---|---|---|---|---|---|
| Dewey Decimal Classification | London | London | Journal article | 19/07/2000 | ABS62661 | 107240-1001 | 06/08/2019 | 1 | 06/08/2019 | Journal article |